Statistics for TV Show Chain Quiz

Click here to take the quiz!

General Stats

  • This quiz has been taken 84 times
  • The average score is 12 of 24

Answer Stats

NetworkAir DatesHintAnswer% Correct
NBC1994-2004Sitcom about six friends living in Manhattan.Friends
100%
Comedy Central1997-presentAnimated show about four boys in a small Colorado town, famous for profanity and satire.South Park
84%
PBS, HBO1969-presentChildren's program featuring actors, puppets, and a large yellow bird.Sesame Street
78%
NBC1994-2009Follows the lives of hospital emergency room staff.E.R.
70%
ABC2004-2012Follows the lives of a group of women living on Wisteria Lane.Desperate Housewives
69%
CBS1954-1973The adventures of a beloved Collie in a farm community.Lassie
67%
NBC2005-2010, 2018-presentGame show where a contestant tries to pick the briefcase containing the most money and decide whether to sell it back.Deal or No Deal
66%
Fox1998-2006Sitcom following the lives of six teenagers in the 1970's.That 70's Show
66%
CBS1996-2005A lovable sportswriter and his overworked wife deal with his overbearing parents and older brother.Everybody Loves Raymond
61%
Fox1997-2010Animated sitcom about a propane salesman in small-town Texas and his family and friends.King of the Hill
59%
ABC1988-1997, 2018Funny and realistic portrayal of a working-class American family in small-town Illinois.Roseanne
59%
HBO2016-presentGuests visit a Wild West-themed amusement park populated by androids.Westworld
56%
NBC1990-2010Police procedural and legal drama that portrays both the investigation and prosecution of criminals in New York City.Law & Order
48%
MTV1992-presentA group of young adults live together in one residence while being filmed non-stop.The Real World
47%
MTV2011-2017A teenager is bitten by a werewolf, and learns to cope with his new dual identity.Teen Wolf
44%
Fox2014-presentCrime drama about a new police officer in a city full of future supervillains and masked vigilantes.Gotham
38%
NBC/ABC1971-1978, 1989-1990Crime drama about an LAPD homicide detective, known for his beige coat and unassuming demeanor.Columbo
33%
Fox1987-1991Youthful undercover police investigate crimes in high schools, colleges, and other teen-centric locations.21 Jump Street
31%
ABC1955-1959Variety show featuring a famous Disney character and a revolving cast of teenagers. Was revived several times in later decades, under slightly different names.The Mickey Mouse Club
31%
ABC1997-2002Sitcom about a couple who married on their first date, despite being polar opposites in personality.Dharma and Greg
28%
VH11997-presentDocumentary series about the lives, success, and hardships of various musical acts.Behind the Music
25%
NBC/CBS2005-2009, 2009-2011Crime drama about a police consultant who can communicate with the dead.Medium
22%
Fox2003-2007Teen drama about a young man adopted into a wealthy California family.The O.C.
19%
Comedy Central2005-2014Late night talk and news satire program, whose host was a satire of conservative political pundits.The Colbert Report
17%

Score Distribution

Percentile by Number Answered

Percent of People with Each Score

Your Score History

You have not taken this quiz